Is There Christian Philosophy? (Record no. 2435)

MARC details
000 -LEADER
fixed length control field 00578nam a2200241 a 4500
020 ## - INTERNATIONAL STANDARD BOOK NUMBER
ISBN
082 00 - DEWEY DECIMAL CLASSIFICATION NUMBER
Classification number 239
Author Cutter NED
100 ## - MAIN ENTRY--AUTHOR NAME
Author name Nedoncelle, Maurice
245 ## - TITLE STATEMENT
Title Is There Christian Philosophy?
260 ## - PUBLICATION, DISTRIBUTION, ETC. (IMPRINT)
Place of publication London
Name of publisher Burns and Oates
Year of publication 1960
300 ## - PHYSICAL DESCRIPTION
Number of Pages 152p
500 ## - GENERAL NOTE
General note includes index and biblioraphy
505 2# - FORMATTED CONTENTS NOTE
Formatted contents note Appendix
650 ## - SUBJECT ADDED ENTRY--TOPICAL TERM
Topical Term Apologetics
942 ## - ADDED ENTRY ELEMENTS (KOHA)
Koha item type Books
700 1# -
-- Nedoncelle, Maurice
Holdings
Home library Current library Date acquired Cost, normal purchase price Full call number Accession Number Koha item type
Henry Martyn Institute Library Henry Martyn Institute Library 03/07/2008 100.00 239 NED 03786 E-Books
                   Copyright © 2026 | Henry Martyn Institute | Hyderabad | TS-500052 | INDIA | Implemented by hmi.edu.in
Hit-Count:

Powered by Koha